[Event "First Saturday 2010 julius GM"]
[Site "Budapest"]
[Date "2010.07.08"]
[Round "6"]
[White "Varga, Zoltan"]
[Black "Brink-Claussen, Bjorn"]
[Result "1/2-1/2"]
[WhiteElo "2488"]
[BlackElo "2290"]
[PlyCount "20"]
[EventDate "2010.07.03"]

1. e4 c5 2. Nf3 e6 3. g3 Nc6 4. Bg2 d6 5. d4 cxd4 6. Nxd4 Nf6 7. Nxc6 bxc6 8.
e5 dxe5 9. Qxd8+ Kxd8 10. Bxc6 Rb8 {after 16 move} 1/2-1/2

[Event "First Saturday 2010 julius GM"]
[Site "Budapest"]
[Date "2010.07.08"]
[Round "6"]
[White "Naroditsky, Daniel"]
[Black "Samhouri, Admad"]
[Result "1-0"]
[WhiteElo "2403"]
[BlackElo "2379"]
[PlyCount "59"]
[EventDate "2010.07.03"]

{after 5 move} 1. e4 c5 2. Nc3 e6 3. Nf3 a6 4. d4 cxd4 5. Nxd4 Qc7 6. Bd3 Nf6
7. O-O b6 8. a3 Bb7 9. Be3 Nc6 10. Qe2 Bd6 11. f4 Nxd4 12. Bxd4 Bc5 13. Bxc5
Qxc5+ 14. Kh1 d6 15. Rad1 O-O 16. e5 dxe5 17. fxe5 Nd5 18. Ne4 Qe3 19. Qh5 Qh6
20. Nf6+ Nxf6 21. Qxh6 gxh6 22. Rxf6 Kg7 23. Rdf1 Rac8 24. R1f4 h5 25. Rh4 Rfd8
26. Kg1 Rc5 27. Rxh5 Rxe5 28. Rxf7+ Kxf7 29. Rxe5 Bd5 30. Rh5 1-0

[Event "First Saturday 2010 julius GM"]
[Site "Budapest"]
[Date "2010.07.09"]
[Round "7"]
[White "Samhouri, Admad"]
[Black "Cabrera, Trujillo"]
[Result "0-1"]
[WhiteElo "2379"]
[BlackElo "2365"]
[PlyCount "68"]
[EventDate "2010.07.03"]

1. e4 c5 2. Nf3 d6 3. d4 cxd4 4. Nxd4 Nf6 5. Nc3 a6 6. Bg5 e6 7. f4 Nbd7 8. Qf3
Qc7 9. O-O-O b5 10. Bd3 Bb7 11. Rhe1 Qb6 12. Nb3 Rc8 13. Kb1 Rxc3 14. bxc3 Qc7
15. f5 e5 16. Qe2 Be7 17. Bd2 h5 18. c4 bxc4 19. Bxc4 Bxe4 20. Ba5 Qc6 21. Bxa6
O-O 22. Bd3 Bxg2 23. Bb5 Qb7 24. Rd3 Be4 25. Rc3 Bxf5 26. Bc6 Qa7 27. Bb4 Rb8
28. a3 Be6 29. Qd2 Nc5 30. Qf2 Qb6 31. Bf3 e4 32. Bg2 Nd5 33. Rg3 Nxb4 34. axb4
Qxb4 0-1

[Event "First Saturday 2010 julius GM"]
[Site "Budapest"]
[Date "2010.07.09"]
[Round "7"]
[White "Kislik, Erik Andrew"]
[Black "Varga, Zoltan"]
[Result "1/2-1/2"]
[WhiteElo "2329"]
[BlackElo "2488"]
[PlyCount "72"]
[EventDate "2010.07.03"]

1. e4 e5 2. Nf3 Nc6 3. Bb5 a6 4. Ba4 Nf6 5. O-O Be7 6. Re1 b5 7. Bb3 O-O 8. h3
Bb7 9. d3 d5 10. exd5 Nxd5 11. Nxe5 Nd4 12. Nd2 c5 13. a4 Re8 14. axb5 axb5 15.
Rxa8 Qxa8 16. Nef3 Nxb3 17. Nxb3 Nb4 18. Re3 Nd5 19. Re5 Nb4 20. Bf4 f6 21. Re1
Bxf3 22. gxf3 Qd5 23. Kg2 Kf7 24. Qd2 Qf5 25. Bg3 Qd7 26. Qe2 Bd8 27. Qxe8+
Qxe8 28. Rxe8 Kxe8 29. Bd6 Nxc2 30. Nxc5 Be7 31. Bxe7 Kxe7 32. f4 Kd6 33. Ne4+
Ke6 34. Kf3 Ne1+ 35. Ke2 Ng2 36. Kf3 Ne1+ 1/2-1/2

[Event "First Saturday 2010 julius GM"]
[Site "Budapest"]
[Date "2010.07.09"]
[Round "7"]
[White "Solomon, Kenny"]
[Black "Ilincic, Zlatko"]
[Result "1-0"]
[WhiteElo "2383"]
[BlackElo "2455"]
[PlyCount "77"]
[EventDate "2010.07.03"]

1. d4 Nf6 2. c4 e6 3. Nf3 Bb4+ 4. Bd2 c5 5. g3 d6 6. Bg2 O-O 7. O-O Qe7 8. a3
Bxd2 9. Qxd2 b6 10. Nc3 Bb7 11. Rfd1 cxd4 12. Qxd4 Rd8 13. Qh4 Nbd7 14. Rd4 Nc5
15. Rad1 e5 16. R4d2 Rac8 17. Bh3 Rb8 18. Ne1 a6 19. Ng2 Nb3 20. Rd3 Nd4 21.
Ne3 Qc7 22. b4 b5 23. Rxd4 exd4 24. Rxd4 bxc4 25. Rxc4 Qe7 26. Nf5 Qf8 27. Rc7
Ne8 28. Rxb7 Rxb7 29. Qxd8 g6 30. Ne3 Nc7 31. Qd7 Ra7 32. Qc6 Qe7 33. Ncd5 Nxd5
34. Nxd5 Qxe2 35. Qxd6 Ra8 36. Nf6+ Kg7 37. Qd4 Qe1+ 38. Bf1 Rc8 39. Ng4+ 1-0

[Event "First Saturday 2010 julius GM"]
[Site "Budapest"]
[Date "2010.07.09"]
[Round "7"]
[White "Fogarasi, Tibor"]
[Black "Pap, Gyula"]
[Result "1/2-1/2"]
[WhiteElo "2431"]
[BlackElo "2508"]
[PlyCount "34"]
[EventDate "2010.07.03"]

1. e4 e6 2. d4 d5 3. exd5 exd5 4. Nf3 Nc6 5. Bd3 Bg4 6. c3 Qd7 7. O-O Bd6 8.
Nbd2 Nge7 9. Re1 O-O 10. Nf1 h6 11. h3 Bh5 12. Ng3 Bxg3 13. fxg3 Bg6 14. g4
Bxd3 15. Qxd3 Ng6 16. Bd2 Rfe8 17. Qf5 Qd6 1/2-1/2

[Event "First Saturday 2010 julius GM"]
[Site "Budapest"]
[Date "2010.07.10"]
[Round "8"]
[White "Cabrera, Trujillo"]
[Black "Pap, Gyula"]
[Result "0-1"]
[WhiteElo "2365"]
[BlackElo "2508"]
[PlyCount "66"]
[EventDate "2010.07.03"]

1. e4 c5 2. Nf3 e6 3. d4 cxd4 4. Nxd4 a6 5. c4 Nf6 6. Nc3 Qc7 7. a3 b6 8. Be3
Bb7 9. f3 Nc6 10. Nxc6 Bxc6 11. Qd2 Bd6 12. g3 Be5 13. Bg2 h5 14. f4 Bxc3 15.
Qxc3 O-O 16. Qd4 b5 17. cxb5 axb5 18. Bd2 Qb7 19. O-O Bxe4 20. Bh3 Bd5 21. Be3
Ra4 22. b4 Ne4 23. Bg2 Nf6 24. Bh3 d6 25. Qb2 Ne4 26. f5 e5 27. f6 Nxf6 28.
Rxf6 gxf6 29. Qf2 Bf3 30. Rf1 Rxa3 31. Bc1 Ra1 32. Bg2 Bxg2 33. Qxf6 Qe4 0-1

[Event "First Saturday 2010 julius GM"]
[Site "Budapest"]
[Date "2010.07.10"]
[Round "8"]
[White "Ilincic, Zlatko"]
[Black "Fogarasi, Tibor"]
[Result "1/2-1/2"]
[WhiteElo "2455"]
[BlackElo "2431"]
[PlyCount "53"]
[EventDate "2010.07.03"]

1. d4 d5 2. c4 e6 3. Nc3 c5 4. cxd5 exd5 5. Nf3 Nc6 6. g3 Nf6 7. Bg2 Be7 8. O-O
O-O 9. Bg5 c4 10. Ne5 Be6 11. Nxc6 bxc6 12. b3 Qa5 13. Qc2 Rfd8 14. e3 Rac8 15.
Na4 h6 16. Bxf6 Bxf6 17. Rfc1 Be7 18. Bf1 c5 19. Nxc5 Bxc5 20. dxc5 Rxc5 21.
bxc4 dxc4 22. Qc3 Rd2 23. Qxa5 Rxa5 24. Bxc4 Bxc4 25. Rxc4 Raxa2 26. Rxa2 Rxa2
27. Rc8+ 1/2-1/2

[Event "First Saturday 2010 julius GM"]
[Site "Budapest"]
[Date "2010.07.10"]
[Round "8"]
[White "Vera, Gonzalez-Q"]
[Black "Solomon, Kenny"]
[Result "1-0"]
[WhiteElo "2513"]
[BlackElo "2383"]
[PlyCount "79"]
[EventDate "2010.07.03"]

1. d4 d6 2. Nf3 g6 3. c4 Bg7 4. Nc3 Bg4 5. e3 Nf6 6. Be2 O-O 7. h3 Bf5 8. g4
Bd7 9. e4 c5 10. d5 e6 11. Bf4 exd5 12. exd5 Re8 13. Nd2 h5 14. Kf1 Qc8 15. f3
Qd8 16. Kg2 Qb6 17. Qb3 Qxb3 18. axb3 Na6 19. Rhe1 Nb4 20. Bf1 hxg4 21. hxg4
Nc2 22. Rxe8+ Nxe8 23. Rc1 Nd4 24. Nce4 Bf8 25. Kf2 Be7 26. b4 f5 27. gxf5 Nxf5
28. bxc5 dxc5 29. Bh3 Bh4+ 30. Kg2 b6 31. Bg4 Be7 32. Be5 Nh4+ 33. Kf2 Bf5 34.
d6 Bd8 35. d7 Ng7 36. Nf6+ Kf7 37. Nde4 Bxe4 38. Nxe4 Ne6 39. Nd6+ Ke7 40. Nb7
1-0

[Event "First Saturday 2010 julius GM"]
[Site "Budapest"]
[Date "2010.07.10"]
[Round "8"]
[White "Varga, Zoltan"]
[Black "Kjartansson, Gudmundson"]
[Result "1/2-1/2"]
[WhiteElo "2488"]
[BlackElo "2384"]
[PlyCount "75"]
[EventDate "2010.07.03"]

1. e4 e5 2. Nf3 Nc6 3. Bb5 a6 4. Ba4 Nf6 5. O-O Be7 6. Re1 b5 7. Bb3 d6 8. h3
Na5 9. c3 Nxb3 10. axb3 c5 11. d4 Qc7 12. dxe5 dxe5 13. Bg5 Ng8 14. Nbd2 Bb7
15. Nf1 Bxg5 16. Nxg5 Nf6 17. Ng3 O-O 18. Qc1 Rad8 19. Qe3 c4 20. bxc4 Qxc4 21.
Qb6 Rd7 22. Rad1 Qc8 23. Nf5 Qd8 24. Qxd8 Rfxd8 25. Rxd7 Rxd7 26. Ng3 Rd2 27.
Nf3 Rxb2 28. Nxe5 Rc2 29. Rd1 g6 30. Rd6 Kg7 31. Rb6 Bxe4 32. Rxa6 Rxc3 33.
Nxe4 Nxe4 34. Ra7 Kf6 35. f4 Nd6 36. Ra6 Ke6 37. Nxf7 Kxf7 38. Rxd6 1/2-1/2

[Event "First Saturday 2010 julius GM"]
[Site "Budapest"]
[Date "2010.07.10"]
[Round "8"]
[White "Naroditsky, Daniel"]
[Black "Kislik, Erik Andrew"]
[Result "1-0"]
[WhiteElo "2403"]
[BlackElo "2329"]
[PlyCount "71"]
[EventDate "2010.07.03"]

1. e4 c5 2. Nc3 d6 3. g3 Nc6 4. Bg2 g6 5. d3 Bg7 6. Be3 Nf6 7. h3 O-O 8. Nge2
Nd7 9. O-O Nd4 10. f4 e6 11. Rb1 Qc7 12. g4 f5 13. Ng3 Rb8 14. exf5 gxf5 15.
Nh5 Bh8 16. Ne2 Nxe2+ 17. Qxe2 Nf6 18. Ng3 b6 19. Bd2 Qd7 20. Rbe1 Qa4 21. Bc3
Bg7 22. gxf5 exf5 23. Nh5 Nxh5 24. Qxh5 Qd7 25. Bd5+ Kh8 26. Qg5 Bxc3 27. Re7
Bg7 28. Rxd7 Bxd7 29. Re1 Bf6 30. Qh6 Rbd8 31. c3 Bg7 32. Qh5 Bf6 33. Kh2 b5
34. Bf7 Bc6 35. Bg6 Rd7 36. Re8 1-0

[Event "First Saturday 2010 julius GM"]
[Site "Budapest"]
[Date "2010.07.10"]
[Round "8"]
[White "Samhouri, Admad"]
[Black "Brink-Claussen, Bjorn"]
[Result "1/2-1/2"]
[WhiteElo "2379"]
[BlackElo "2290"]
[PlyCount "30"]
[EventDate "2010.07.03"]

1. d4 Nf6 2. Nf3 g6 3. Bg5 Bg7 4. Nbd2 d5 5. e3 O-O 6. Bd3 b6 7. Qe2 Bb7 8. e4
dxe4 9. Nxe4 Nbd7 10. O-O h6 11. Bd2 Nxe4 12. Bxe4 Bxe4 13. Qxe4 c5 14. c3 cxd4
15. Nxd4 Nc5 1/2-1/2

[Event "First Saturday 2010 julius GM"]
[Site "Budapest"]
[Date "2010.07.11"]
[Round "9"]
[White "Brink-Claussen, Bjorn"]
[Black "Cabrera, Trujillo"]
[Result "0-1"]
[WhiteElo "2290"]
[BlackElo "2365"]
[PlyCount "50"]
[EventDate "2010.07.03"]

1. e4 c5 2. Nf3 d6 3. d4 cxd4 4. Nxd4 Nf6 5. Nc3 a6 6. Be3 e5 7. Nb3 Be6 8. f3
Be7 9. Qd2 O-O 10. O-O-O a5 11. Bb5 Na6 12. Qf2 Qb8 13. Bb6 Rc8 14. Kb1 a4 15.
Nxa4 Nb4 16. Nc3 d5 17. a3 d4 18. axb4 dxc3 19. bxc3 Rxc3 20. Kb2 Qc8 21. Bc5
Rxc5 22. bxc5 Bxb3 23. cxb3 Bxc5 24. Qc2 Bd4+ 25. Kc1 Qd8 0-1

[Event "First Saturday 2010 julius GM"]
[Site "Budapest"]
[Date "2010.07.11"]
[Round "9"]
[White "Kislik, Erik Andrew"]
[Black "Samhouri, Admad"]
[Result "1/2-1/2"]
[WhiteElo "2329"]
[BlackElo "2379"]
[PlyCount "31"]
[EventDate "2010.07.03"]

1. e4 e5 2. Nf3 Nf6 3. d4 Nxe4 4. Bd3 d5 5. Nxe5 Nd7 6. O-O Nxe5 7. dxe5 Nc5 8.
Be2 Be7 9. Be3 O-O 10. c4 dxc4 11. Bxc4 Qxd1 12. Rxd1 Be6 13. Be2 Nd7 14. f4
Nb6 15. Nc3 Rad8 16. b3 1/2-1/2

[Event "First Saturday 2010 julius GM"]
[Site "Budapest"]
[Date "2010.07.11"]
[Round "9"]
[White "Kjartansson, Gudmundson"]
[Black "Naroditsky, Daniel"]
[Result "0-1"]
[WhiteElo "2384"]
[BlackElo "2403"]
[PlyCount "112"]
[EventDate "2010.07.03"]

1. d4 Nf6 2. c4 g6 3. Nc3 Bg7 4. e4 d6 5. Nf3 O-O 6. Be2 e5 7. O-O Nbd7 8. Be3
Re8 9. d5 Nh5 10. g3 Bf8 11. Ne1 Ng7 12. Nd3 f5 13. f3 Be7 14. Qd2 Nf6 15. Bg5
Nxd5 16. Bh6 Nxc3 17. bxc3 Be6 18. Nf2 c6 19. Rab1 b6 20. Rfd1 Rf8 21. Kg2 Qe8
22. Bd3 Qf7 23. Qe2 f4 24. Rf1 g5 25. g4 Qg6 26. Bxg7 Kxg7 27. Bc2 Qf7 28. Bb3
Rh8 29. h3 h5 30. Nd3 hxg4 31. hxg4 Rh4 32. Rh1 Rah8 33. Rxh4 Rxh4 34. Rh1 Rxh1
35. Kxh1 Bxc4 36. Bxc4 Qxc4 37. Nxf4 Qxe2 38. Nxe2 d5 39. Kg2 b5 40. Kf2 Bc5+
41. Ke1 Bb6 42. Kd2 d4 43. Kd3 dxc3 44. Kxc3 c5 45. Kb3 Ba5 46. Ng3 c4+ 47. Kc2
Bb6 48. Nf5+ Kf6 49. Nd6 a6 50. Ne8+ Kf7 51. Nd6+ Ke6 52. Ne8 b4 53. Ng7+ Kd7
54. Nf5 Bd4 55. Nh6 Ke6 56. Nf5 a5 0-1

[Event "First Saturday 2010 julius GM"]
[Site "Budapest"]
[Date "2010.07.11"]
[Round "9"]
[White "Solomon, Kenny"]
[Black "Varga, Zoltan"]
[Result "1/2-1/2"]
[WhiteElo "2383"]
[BlackElo "2488"]
[PlyCount "120"]
[EventDate "2010.07.03"]

1. d4 d5 2. Nf3 Nf6 3. c4 dxc4 4. e3 e6 5. Bxc4 a6 6. O-O c5 7. dxc5 Qxd1 8.
Rxd1 Bxc5 9. Be2 Nc6 10. Nbd2 Ke7 11. b3 b6 12. Bb2 h6 13. Ne1 Rd8 14. Nd3 Bd6
15. Bf3 Bb7 16. Nc4 Bc7 17. Rac1 Rac8 18. Nb4 Rxd1+ 19. Rxd1 Nxb4 20. Bxb7 Rb8
21. Bf3 b5 22. Ne5 Bxe5 23. Bxe5 Rd8 24. Bd4 Rc8 25. a4 g6 26. axb5 axb5 27.
Bb2 Nbd5 28. Ra1 Nd7 29. Bd4 Nb4 30. Bg7 Nd3 31. Be2 Nc1 32. Bxb5 Nxb3 33. Rd1
Rc1 34. Rxc1 Nxc1 35. Bxh6 f6 36. e4 Nb3 37. Be3 e5 38. f3 Nbc5 39. Kf1 Ne6 40.
Bc4 g5 41. g3 Ndf8 42. Bc1 Kf7 43. Ba3 Kg7 44. Bb2 Nc5 45. Kg2 Ng6 46. Ba3 Nd7
47. Bd6 Ndf8 48. Kh3 Nd7 49. Kg4 Nb6 50. Bb3 Nc8 51. Bc5 Nce7 52. Ba4 Kf7 53.
Bb5 Ng8 54. Kh3 Nh6 55. Bd7 Nf8 56. Bc6 Ne6 57. Be3 Ke7 58. Kg2 Nf7 59. Bb5 Nd6
60. Bd3 Kf7 1/2-1/2

[Event "First Saturday 2010 julius GM"]
[Site "Budapest"]
[Date "2010.07.11"]
[Round "9"]
[White "Fogarasi, Tibor"]
[Black "Vera, Gonzalez-Q"]
[Result "1/2-1/2"]
[WhiteElo "2431"]
[BlackElo "2513"]
[PlyCount "28"]
[EventDate "2010.07.03"]

1. e4 c5 2. Nf3 d6 3. Bb5+ Bd7 4. Bxd7+ Qxd7 5. O-O Nf6 6. Re1 Nc6 7. c3 e6 8.
d4 cxd4 9. cxd4 d5 10. e5 Ne4 11. Nbd2 Nxd2 12. Bxd2 Be7 13. Rc1 O-O 14. Rc3
Rfc8 1/2-1/2

[Event "First Saturday 2010 julius GM"]
[Site "Budapest"]
[Date "2010.07.11"]
[Round "9"]
[White "Pap, Gyula"]
[Black "Ilincic, Zlatko"]
[Result "1-0"]
[WhiteElo "2508"]
[BlackElo "2455"]
[PlyCount "95"]
[EventDate "2010.07.03"]

1. d4 f5 2. g3 Nf6 3. Bg2 g6 4. c4 Bg7 5. Nc3 d6 6. d5 Na6 7. Nf3 Nc5 8. Nd4 a5
9. O-O O-O 10. Rb1 h6 11. Qc2 Kh8 12. b3 e5 13. dxe6 c6 14. Rd1 Qe7 15. Bf4 Ne8
16. Be3 Nc7 17. Qd2 g5 18. Rbc1 Ne8 19. f4 g4 20. Bf2 Bxe6 21. e4 Nxe4 22. Nxe4
fxe4 23. Bxe4 Bd7 24. Re1 Qf7 25. Qd3 d5 26. Bg6 Qf6 27. cxd5 cxd5 28. Nc2 Ra6
29. Bxe8 Rxe8 30. Bd4 Qg6 31. Qxg6 Rxg6 32. Rxe8+ Bxe8 33. Re1 Bb5 34. Re7 Bd3
35. Rxg7 Rxg7 36. Ne3 Bb1 37. a3 h5 38. Nxd5 Ba2 39. Ne3 Kh7 40. Bxg7 Kxg7 41.
b4 axb4 42. axb4 Kf6 43. Kf2 Ke6 44. Ke2 Bb1 45. Kd2 b5 46. Kc3 Kd6 47. Kd4 Bg6
48. Nd1 1-0

[Event "First Saturday 2010 julius GM"]
[Site "Budapest"]
[Date "2010.07.12"]
[Round "10"]
[White "Cabrera, Trujillo"]
[Black "Ilincic, Zlatko"]
[Result "1/2-1/2"]
[WhiteElo "2365"]
[BlackElo "2455"]
[PlyCount "21"]
[EventDate "2010.07.03"]

1. e4 c5 2. Nf3 d6 3. d4 cxd4 4. Nxd4 Nf6 5. Nc3 a6 6. Bg5 e6 7. f4 Qb6 8. Qd3
Nc6 9. Bxf6 gxf6 10. Nb3 h5 11. O-O-O 1/2-1/2

[Event "First Saturday 2010 julius GM"]
[Site "Budapest"]
[Date "2010.07.12"]
[Round "10"]
[White "Vera, Gonzalez-Q"]
[Black "Pap, Gyula"]
[Result "1/2-1/2"]
[WhiteElo "2513"]
[BlackElo "2508"]
[PlyCount "109"]
[EventDate "2010.07.03"]

1. d4 Nf6 2. c4 e6 3. Nc3 Bb4 4. Qc2 O-O 5. a3 Bxc3+ 6. Qxc3 d5 7. e3 b6 8. b4
c5 9. dxc5 bxc5 10. Bb2 cxb4 11. axb4 dxc4 12. Bxc4 Bb7 13. Nf3 Nbd7 14. Be2
Qb6 15. O-O Rab8 16. Rfc1 Rfc8 17. Qd4 Rxc1+ 18. Rxc1 Bxf3 19. gxf3 Qxb4 20.
Rc8+ Nf8 21. Qxb4 Rxb4 22. Bd4 N6d7 23. f4 a5 24. Ra8 Rb8 25. Ra7 Nf6 26. h4 h6
27. h5 Rd8 28. Bf3 Nd5 29. Ba1 Nh7 30. Bxd5 exd5 31. Rxa5 Nf8 32. Kf1 Ne6 33.
f5 Nc7 34. f6 Ne8 35. fxg7 Nxg7 36. Bf6 Rd6 37. Be5 Rd7 38. Ra6 Nxh5 39. Rxh6
Ng7 40. Rh3 Re7 41. Bf6 Re6 42. Rh6 Re4 43. Ke2 Rg4 44. Kf3 Re4 45. Bd4 Re6 46.
Bf6 Re4 47. Ke2 Rg4 48. Kd3 Re4 49. Kc3 Rc4+ 50. Kb3 Re4 51. Kc3 Rc4+ 52. Kb3
Re4 53. Ka3 Rg4 54. f4 Rg3 55. Bd4 1/2-1/2

[Event "First Saturday 2010 julius GM"]
[Site "Budapest"]
[Date "2010.07.12"]
[Round "10"]
[White "Varga, Zoltan"]
[Black "Fogarasi, Tibor"]
[Result "1/2-1/2"]
[WhiteElo "2488"]
[BlackElo "2431"]
[PlyCount "40"]
[EventDate "2010.07.03"]

1. e4 c5 2. Nf3 e6 3. d4 cxd4 4. Nxd4 a6 5. Bd3 Nc6 6. Nxc6 dxc6 7. Nd2 e5 8.
O-O Be6 9. Qh5 Bd6 10. Nc4 Bc7 11. Bg5 Nf6 12. Qf3 Qe7 13. a4 h6 14. Bd2 O-O
15. Ne3 Rad8 16. a5 Bd6 17. Bc3 Nd7 18. Qg3 Qf6 19. b4 Qf4 20. Rad1 Rfe8
1/2-1/2

[Event "First Saturday 2010 julius GM"]
[Site "Budapest"]
[Date "2010.07.12"]
[Round "10"]
[White "Naroditsky, Daniel"]
[Black "Solomon, Kenny"]
[Result "1/2-1/2"]
[WhiteElo "2403"]
[BlackElo "2383"]
[PlyCount "80"]
[EventDate "2010.07.03"]

1. e4 e5 2. Nf3 Nc6 3. Bb5 a6 4. Ba4 Nf6 5. d3 d6 6. c3 g6 7. Nbd2 Bg7 8. Nf1
O-O 9. Ng3 b5 10. Bc2 Re8 11. O-O h6 12. h3 d5 13. a4 Be6 14. d4 Nxe4 15. Nxe4
dxe4 16. Bxe4 Bd5 17. Bxd5 Qxd5 18. dxe5 Rad8 19. Qxd5 Rxd5 20. axb5 axb5 21.
Be3 Nxe5 22. Nxe5 Rdxe5 23. Ra7 c6 24. Rd1 R5e7 25. Rxe7 Rxe7 26. Rd6 Re6 27.
Rxe6 fxe6 28. Kf1 e5 29. Ke2 Kf7 30. Kd3 Ke6 31. Ke4 h5 32. Bc5 Bh6 33. b3 Bg7
34. c4 bxc4 35. bxc4 Bf6 36. Bb4 Bh4 37. g3 Bd8 38. Bc3 Bc7 39. f3 Bd6 40. g4
Bb8 1/2-1/2

[Event "First Saturday 2010 julius GM"]
[Site "Budapest"]
[Date "2010.07.12"]
[Round "10"]
[White "Brink-Claussen, Bjorn"]
[Black "Kislik, Erik Andrew"]
[Result "0-1"]
[WhiteElo "2290"]
[BlackElo "2329"]
[PlyCount "70"]
[EventDate "2010.07.03"]

1. e4 c5 2. Nf3 d6 3. d4 cxd4 4. Nxd4 Nf6 5. Nc3 Nc6 6. Bg5 e6 7. Qd2 Be7 8.
O-O-O Nxd4 9. Qxd4 O-O 10. f4 Qa5 11. Bc4 Rd8 12. e5 dxe5 13. Qxe5 Qb4 14.
Rxd8+ Bxd8 15. Rd1 Bd7 16. Qe2 Bc6 17. a3 Qa5 18. Bd3 h6 19. Bh4 Bc7 20. f5
exf5 21. Bxf6 gxf6 22. Qh5 Qe5 23. Kb1 Qf4 24. h4 Kg7 25. Bxf5 Rd8 26. Bd3 Be5
27. Rf1 Qd4 28. g4 Bg2 29. Re1 Qf2 30. Re2 Qg1+ 31. Ka2 Bxc3 32. bxc3 Rd5 33.
g5 fxg5 34. Re7 Qf2 35. Bg6 gxh4 0-1

[Event "First Saturday 2010 julius GM"]
[Site "Budapest"]
[Date "2010.07.13"]
[Round "11"]
[White "Kislik, Erik Andrew"]
[Black "Cabrera, Trujillo"]
[Result "1-0"]
[WhiteElo "2329"]
[BlackElo "2365"]
[PlyCount "103"]
[EventDate "2010.07.03"]

1. e4 c5 2. Nf3 d6 3. d4 cxd4 4. Nxd4 Nf6 5. Nc3 g6 6. Be3 Bg7 7. f3 O-O 8. Qd2
Nc6 9. O-O-O d5 10. exd5 Nxd5 11. Nxc6 bxc6 12. Bd4 Nxc3 13. Qxc3 Bh6+ 14. Be3
Bxe3+ 15. Qxe3 Qb6 16. Qxe7 Be6 17. Qa3 Rad8 18. Bd3 Rd5 19. Qc3 Ra5 20. a3 c5
21. Rhe1 Ra4 22. Re5 Rc8 23. Rde1 Rd4 24. g3 c4 25. Be2 Qd6 26. Re3 Rd8 27. Kb1
h5 28. Rc1 Qd5 29. h4 Rb8 30. f4 Qd7 31. Re5 Rb6 32. Rc5 Qd6 33. Ra5 a6 34. Re5
Rb8 35. Re1 Rd8 36. Re3 Qc7 37. Bf3 R4d6 38. f5 gxf5 39. Bxh5 Rb6 40. Ka1 Rdb8
41. Rb1 Rb5 42. Be2 Kh7 43. h5 Qd8 44. Rf3 Qd6 45. Bxc4 Rc5 46. Qd3 Qe5 47.
Bxe6 fxe6 48. Re3 Qd5 49. Qxa6 Re8 50. Qa7+ Kh8 51. Qf7 Rb8 52. Rxe6 1-0

[Event "First Saturday 2010 julius GM"]
[Site "Budapest"]
[Date "2010.07.13"]
[Round "11"]
[White "Kjartansson, Gudmundson"]
[Black "Brink-Claussen, Bjorn"]
[Result "1-0"]
[WhiteElo "2384"]
[BlackElo "2290"]
[PlyCount "67"]
[EventDate "2010.07.03"]

1. Nf3 Nf6 2. c4 b6 3. g3 Bb7 4. Bg2 c5 5. Nc3 g6 6. d4 cxd4 7. Qxd4 Bg7 8. O-O
O-O 9. Qh4 d6 10. Bg5 Nbd7 11. Rfd1 Rc8 12. Rac1 Re8 13. b3 Nc5 14. Bh3 Rb8 15.
Nd5 Nce4 16. Bh6 Bh8 17. Ng5 e6 18. Ne3 Qc7 19. Bg2 Nc5 20. Bxb7 Rxb7 21. Rc2
Qe7 22. Nh3 a5 23. f3 a4 24. b4 Ncd7 25. Rcd2 d5 26. cxd5 exd5 27. Nxd5 Nxd5
28. Qxe7 Nxe7 29. Rxd7 Rxd7 30. Rxd7 Nf5 31. Bd2 Nd4 32. Ng5 Nxe2+ 33. Kf1 Bc3
34. Ne4 1-0

[Event "First Saturday 2010 julius GM"]
[Site "Budapest"]
[Date "2010.07.13"]
[Round "11"]
[White "Fogarasi, Tibor"]
[Black "Naroditsky, Daniel"]
[Result "1/2-1/2"]
[WhiteElo "2431"]
[BlackElo "2403"]
[PlyCount "44"]
[EventDate "2010.07.03"]

1. e4 c5 2. Nf3 d6 3. d4 cxd4 4. Nxd4 Nf6 5. Nc3 a6 6. f4 Qc7 7. Qf3 g6 8. Be3
Bg7 9. h3 b5 10. e5 Bb7 11. exf6 Bxf3 12. fxg7 Rg8 13. Nxf3 Rxg7 14. O-O-O e6
15. Kb1 f6 16. g4 b4 17. Ne4 d5 18. Ng3 Kf8 19. g5 f5 20. Ne2 a5 21. Bd4 a4 22.
Ne5 Nd7 {after 23 move} 1/2-1/2

[Event "First Saturday 2010 julius GM"]
[Site "Budapest"]
[Date "2010.07.13"]
[Round "11"]
[White "Pap, Gyula"]
[Black "Varga, Zoltan"]
[Result "1/2-1/2"]
[WhiteElo "2508"]
[BlackElo "2488"]
[PlyCount "20"]
[EventDate "2010.07.03"]

1. d4 d5 2. Nf3 c6 3. g3 Nf6 4. Bg2 Bg4 5. O-O Nbd7 6. Nbd2 e6 7. Re1 Be7 8. e4
O-O 9. c3 Bh5 10. Qb3 Qb6 1/2-1/2

[Event "First Saturday 2010 julius GM"]
[Site "Budapest"]
[Date "2010.07.13"]
[Round "11"]
[White "Ilincic, Zlatko"]
[Black "Vera, Gonzalez-Q"]
[Result "1/2-1/2"]
[WhiteElo "2455"]
[BlackElo "2513"]
[PlyCount "26"]
[EventDate "2010.07.03"]

1. d4 d5 2. c4 c6 3. Nf3 Nf6 4. e3 e6 5. Bd3 dxc4 6. Bxc4 c5 7. O-O a6 8. dxc5
Bxc5 9. Qxd8+ Kxd8 10. Rd1+ Ke7 11. a3 b5 12. Be2 Bb7 13. b4 Bb6 1/2-1/2